书目信息 |
| 题名: |
多样性的中国荒漠
|
|
| 作者: | 陈建伟 著 | |
| 分册: | ||
| 出版信息: | 北京 中国林业出版社 2017 |
|
| 页数: | 216页 | |
| 开本: | 25×26cm | |
| 丛书名: | 一滴水生态摄影丛书 | |
| 单 册: | ||
| 中图分类: | J421 , P941.73-64 | |
| 科图分类: | ||
| 主题词: | 荒漠--huang mo--生态系--中国--摄影集 | |
| 电子资源: | ||
| ISBN: | 978-7-5038-9207-3 | |
| 000 | 00956cam 2200289 450 | |
| 001 | 012001003170 | |
| 005 | 20140101111748.0 | |
| 010 | @a978-7-5038-9207-3@dCNY280.00 | |
| 099 | @aCAL 012017165122 | |
| 100 | @a20171122d2017 em y0chiy50 ea | |
| 101 | 0 | @achi@aeng |
| 102 | @aCN@b110000 | |
| 105 | @aa z 000yy | |
| 106 | @ar | |
| 200 | 1 | @a多样性的中国荒漠@Aduo yang xing de zhong guo huang mo@d= Diverse deserts of China@f陈建伟著/摄@zeng |
| 210 | @a北京@c中国林业出版社@d2017 | |
| 215 | @a216页@c彩图@d25×26cm | |
| 225 | 2 | @a一滴水生态摄影丛书@Ayi di shui sheng tai she ying cong shu |
| 300 | @a阿拉善基金会 阿拉善SEE基金会资助出版 | |
| 410 | 0 | @12001 @a一滴水生态摄影丛书 |
| 510 | 1 | @aDiverse deserts of China@zeng |
| 606 | 0 | @a荒漠@Ahuang mo@x生态系@y中国@j摄影集 |
| 690 | @aJ421@v5 | |
| 690 | @aP941.73-64@v5 | |
| 701 | 0 | @a陈建伟@Achen jian wei@4著@4摄 |
| 801 | 2 | @aCN@b北京卓展@c20191020 |
| 905 | @b1210635-7@dJ421@e416@f3 | |
| 多样性的中国荒漠= Diverse deserts of China/陈建伟著/摄.-北京:中国林业出版社,2017 |
| 216页:彩图;25×26cm.-(一滴水生态摄影丛书) |
| 阿拉善基金会 阿拉善SEE基金会资助出版 |
| ISBN 978-7-5038-9207-3:CNY280.00 |
| ● |
| 相关链接 |
|
|
|
|
正题名:多样性的中国荒漠
索取号:J421/416
 
预约/预借
| 序号 | 登录号 | 条形码 | 馆藏地/架位号 | 状态 | 备注 |
| 1 | 1210635 | 212106353 | 第一样本阅览室/ [索取号:J421/416] | 在馆 | |
| 2 | 1210636 | 212106362 | 第一借阅区/ [索取号:J421/416] | 在馆 | |
| 3 | 1210637 | 212106371 | 第一借阅区/ [索取号:J421/416] | 在馆 |